[Event "10. Torneo I. Cidade de Pontevedra 2022"]
[Site "Pontevedra ESP"]
[Date "2022.07.26"]
[Round "4.23"]
[White "Patino Romaris, Juan Roberto"]
[Black "Bastos Gonzalez, Gonzalo"]
[Result "1-0"]
[WhiteElo "2093"]
[BlackElo "1946"]
[PlyCount "157"]
[EventDate "2022.07.24"]
[EventType "swiss"]
[EventRounds "9"]
[EventCountry "ESP"]
[SourceTitle "Ajedrez en Madrid"]
[Source "lmi"]
[SourceDate "2022.07.24"]
[SourceVersion "1"]
[SourceVersionDate "2022.08.06"]
[SourceQuality "1"]

1. d4 Nf6 2. c4 e6 3. Nc3 Bb4 4. f3 c5 5. d5 b5 6. e4 bxc4 7. Bxc4 Ba6 8. Bxa6
Nxa6 9. Nge2 O-O 10. O-O exd5 11. Nxd5 Nxd5 12. Qxd5 Nc7 13. Qd6 Nb5 14. Qd1
Re8 15. Nf4 c4 16. Nd5 Bc5+ 17. Kh1 Rc8 18. Qa4 Nd6 19. Bf4 Re6 20. Rfd1 g5 21.
Be3 Bxe3 22. Nxe3 Qb6 23. Nd5 Qxb2 24. Qxd7 Qb7 25. Qxb7 Nxb7 26. Rac1 Kg7 27.
Kg1 Ra6 28. Rd2 Ra3 29. Kf1 Rc5 30. Kf2 g4 31. Rc3 Rxc3 32. Nxc3 gxf3 33. gxf3
Kf6 34. Ke3 Ke6 35. Rd5 Rxd5 36. Nxd5 f5 37. Nc7+ Kf6 38. Kd4 fxe4 39. fxe4 Na5
40. Nd5+ Ke6 41. Nc7+ Kd7 42. Nb5 a6 43. Na3 Nc6+ 44. Kxc4 Kd6 45. Nc2 Ke5 46.
Kd3 a5 47. Ke3 h6 48. Ne1 a4 49. a3 Ke6 50. Nd3 Kd6 51. Nb2 Ne5 52. Kf4 Ng6+
53. Kf5 Ne5 54. h3 h5 55. Kf6 Nd7+ 56. Kf5 Ne5 57. Nxa4 Nc4 58. Nc3 Nxa3 59.
e5+ Ke7 60. Nd5+ Ke8 61. Nf6+ Ke7 62. Nxh5 Nc4 63. Nf4 Ne3+ 64. Ke4 Nc4 65. h4
Kf7 66. Kd4 Nd2 67. Kd5 Nf3 68. h5 Ng5 69. e6+ Kf6 70. Kd6 Ne4+ 71. Kc6 Ke7 72.
h6 Ng5 73. Kd5 Kf6 74. Nh5+ Ke7 75. Ke5 Nh7 76. Kf5 Nf8 77. Nf6 Nxe6 78. h7
Ng7+ 79. Kg4 1-0

[Event "10. Torneo I. Cidade de Pontevedra 2022"]
[Site "Pontevedra ESP"]
[Date "2022.07.26"]
[Round "4.24"]
[White "Otero Nogueira, Brais"]
[Black "Grana Castanal, Andres"]
[Result "1-0"]
[WhiteElo "2076"]
[BlackElo "1917"]
[PlyCount "77"]
[EventDate "2022.07.24"]
[EventType "swiss"]
[EventRounds "9"]
[EventCountry "ESP"]
[SourceTitle "Ajedrez en Madrid"]
[Source "lmi"]
[SourceDate "2022.07.24"]
[SourceVersion "1"]
[SourceVersionDate "2022.08.06"]
[SourceQuality "1"]

1. g3 e5 2. c4 Nc6 3. Bg2 Bc5 4. Nc3 d6 5. e3 a6 6. Nge2 Ba7 7. d4 h5 8. b4 h4
9. b5 axb5 10. cxb5 Na5 11. dxe5 hxg3 12. hxg3 Rxh1+ 13. Bxh1 dxe5 14. Qxd8+
Kxd8 15. Ba3 Be6 16. Bb4 Bb6 17. Nd5 Nf6 18. Nxb6 cxb6 19. Nc3 Kc7 20. Rc1 Nc4
21. g4 Rh8 22. Bg2 Rh2 23. Kf1 Kb8 24. Kg1 Rh4 25. g5 Nd7 26. Be7 Rg4 27. Rd1
Nb2 28. Rd2 Nc4 29. Rc2 Bf5 30. e4 Bg6 31. Kh2 f6 32. Bh3 Rh4 33. Kg3 Rxh3+ 34.
Kxh3 Nc5 35. gxf6 gxf6 36. Bxf6 Na3 37. Bxe5+ Ka7 38. Re2 Nd3 39. Bg3 1-0

[Event "10. Torneo I. Cidade de Pontevedra 2022"]
[Site "Pontevedra ESP"]
[Date "2022.07.26"]
[Round "4.25"]
[White "Blanco Garcia, Liliam Barbara"]
[Black "Sixto Puente, Eloy"]
[Result "1/2-1/2"]
[WhiteElo "2031"]
[BlackElo "2071"]
[PlyCount "42"]
[EventDate "2022.07.24"]
[EventType "swiss"]
[EventRounds "9"]
[EventCountry "ESP"]
[SourceTitle "Ajedrez en Madrid"]
[Source "lmi"]
[SourceDate "2022.07.24"]
[SourceVersion "1"]
[SourceVersionDate "2022.08.06"]
[SourceQuality "1"]

1. e4 e5 2. Bc4 Nf6 3. d3 Nc6 4. Nc3 Na5 5. Bb3 Nxb3 6. axb3 d5 7. Bg5 Bb4 8.
exd5 Qxd5 9. Nf3 Bg4 10. O-O Bxc3 11. bxc3 Nd7 12. Re1 O-O 13. Ra4 Bxf3 14.
Qxf3 Qxf3 15. gxf3 Rfe8 16. Be3 f6 17. Rea1 a6 18. b4 Rac8 19. R4a3 c6 20. c4
Kf7 21. R1a2 Rc7 1/2-1/2

[Event "10. Torneo I. Cidade de Pontevedra 2022"]
[Site "Pontevedra ESP"]
[Date "2022.07.26"]
[Round "4.26"]
[White "Antonano Fernandez-Quincoces, Av"]
[Black "Pintor, Simao Maciel Abranc"]
[Result "1/2-1/2"]
[WhiteElo "1981"]
[BlackElo "2062"]
[PlyCount "145"]
[EventDate "2022.07.24"]
[EventType "swiss"]
[EventRounds "9"]
[EventCountry "ESP"]
[SourceTitle "Ajedrez en Madrid"]
[Source "lmi"]
[SourceDate "2022.07.24"]
[SourceVersion "1"]
[SourceVersionDate "2022.08.06"]
[SourceQuality "1"]

1. e4 c5 2. Nf3 g6 3. d4 cxd4 4. Nxd4 Nc6 5. c4 Bg7 6. Be3 Nf6 7. Nc3 O-O 8.
Be2 d6 9. h3 Nxd4 10. Bxd4 Bd7 11. O-O a5 12. b3 Bc6 13. Qc2 Nd7 14. Bxg7 Kxg7
15. Rad1 Qb6 16. Nd5 Bxd5 17. Rxd5 Nc5 18. e5 dxe5 19. Rxe5 e6 20. Bf3 Rfd8 21.
Rd1 a4 22. bxa4 Rxd1+ 23. Qxd1 Rd8 24. Qc2 Qb4 25. Re2 Kg8 26. g3 Rd3 27. Kg2
Qa3 28. Be4 Rd4 29. Re3 Qb4 30. a3 Qxc4 31. Rc3 Qxa4 32. Rxc5 Rxe4 33. Rc8+ Kg7
34. Qb2+ Qd4 35. Qxb7 Re5 36. Rc2 g5 37. Qb2 Qd5+ 38. Kh2 Qb5 39. Qxb5 Rxb5 40.
a4 Ra5 41. Rc4 Kf6 42. h4 h6 43. hxg5+ hxg5 44. g4 Rd5 45. Kg3 Rd3+ 46. f3 Ra3
47. Rb4 Kg6 48. Re4 Ra2 49. Kh3 Kf6 50. Kg3 Ke7 51. Rb4 Ra3 52. Rb7+ Kf6 53.
Rb4 Kg7 54. Re4 Kg6 55. Kg2 Kf6 56. Rb4 Ke5 57. Rb5+ Kf4 58. Rb4+ Ke3 59. Re4+
Kd3 60. Re5 Rxa4 61. Rxg5 Ke3 62. Kg3 f6 63. Rb5 Ra6 64. g5 fxg5 65. Rxg5 Kd4
66. f4 Ra3+ 67. Kg4 Re3 68. Ra5 Re1 69. Ra4+ Kd3 70. Kg5 Re4 71. Rxe4 Kxe4 72.
Kf6 Kxf4 73. Kxe6 1/2-1/2

[Event "10. Torneo I. Cidade de Pontevedra 2022"]
[Site "Pontevedra ESP"]
[Date "2022.07.26"]
[Round "4.27"]
[White "Sarabando, Rodrigo Andias"]
[Black "Mosca, Leonildo"]
[Result "1-0"]
[WhiteElo "1915"]
[BlackElo "2050"]
[PlyCount "103"]
[EventDate "2022.07.24"]
[EventType "swiss"]
[EventRounds "9"]
[EventCountry "ESP"]
[SourceTitle "Ajedrez en Madrid"]
[Source "lmi"]
[SourceDate "2022.07.24"]
[SourceVersion "1"]
[SourceVersionDate "2022.08.06"]
[SourceQuality "1"]

1. d4 Nf6 2. c4 c5 3. d5 b5 4. cxb5 a6 5. bxa6 Bxa6 6. Nf3 d6 7. g3 g6 8. Bg2
Nbd7 9. O-O Bg7 10. Nc3 O-O 11. Rb1 Nb6 12. b3 Qc7 13. Re1 Nfd7 14. Bb2 Rfc8
15. a4 Ne5 16. Nxe5 Bxe5 17. Qc2 Nd7 18. Bc1 Bg7 19. Bd2 Rcb8 20. Na2 Qa7 21.
Be3 Ne5 22. h3 Bc8 23. g4 f5 24. f4 Nf7 25. g5 Qd7 26. Nc3 Ba6 27. Bd2 Ra7 28.
Kh2 Rab7 29. h4 c4 30. bxc4 Bxc4 31. e4 Bb3 32. Qd3 fxe4 33. Qh3 Bxc3 34. Bxc3
Bxd5 35. Rxb7 Qxb7 36. Qe3 Qb3 37. a5 Rc8 38. Rc1 e5 39. Bh3 Rc5 40. f5 Rxa5
41. h5 Ra2+ 42. Kg1 Qb5 43. hxg6 hxg6 44. fxg6 Nd8 45. Bxe5 dxe5 46. Rc8 Ra8
47. Bf1 Qd7 48. Bh3 Qb7 49. Qc5 Rxc8 50. Bxc8 Qc6 51. Qe7 Qc1+ 52. Kh2 1-0

[Event "10. Torneo I. Cidade de Pontevedra 2022"]
[Site "Pontevedra ESP"]
[Date "2022.07.26"]
[Round "4.29"]
[White "Roque Sola, Andrea"]
[Black "Martinez Montes, Juan Manuel"]
[Result "1/2-1/2"]
[WhiteElo "1913"]
[BlackElo "2035"]
[PlyCount "91"]
[EventDate "2022.07.24"]
[EventType "swiss"]
[EventRounds "9"]
[EventCountry "ESP"]
[SourceTitle "Ajedrez en Madrid"]
[Source "lmi"]
[SourceDate "2022.07.24"]
[SourceVersion "1"]
[SourceVersionDate "2022.08.06"]
[SourceQuality "1"]

1. c4 e5 2. g3 Nc6 3. Bg2 g6 4. Nc3 Bg7 5. e3 d6 6. d3 a5 7. Nge2 h5 8. h3 Be6
9. Nd5 Qd7 10. a3 Nf6 11. Nec3 O-O 12. Rb1 Rab8 13. b4 axb4 14. axb4 Ne7 15.
Nxf6+ Bxf6 16. Ne4 Bg7 17. Ng5 c6 18. Nxe6 Qxe6 19. O-O b5 20. Qc2 d5 21. Bd2
h4 22. cxd5 cxd5 23. Qb3 Rfd8 24. e4 Qd6 25. Be3 d4 26. Bg5 Bf6 27. f4 Bxg5 28.
fxg5 Qe6 29. Qxe6 fxe6 30. Rf6 hxg3 31. Rxe6 Re8 32. Rc1 Rec8 33. Rxc8+ Nxc8
34. Rxe5 Kf7 35. Rd5 Ne7 36. Rc5 Ke6 37. Bf3 Kd6 38. e5+ Ke6 39. Bg4+ Nf5 40.
Kg2 Ra8 41. Bxf5+ Kxf5 42. Kxg3 Ra3 43. h4 Rxd3+ 44. Kf2 Rh3 45. Ke2 Ke4 46. e6
1/2-1/2

[Event "10. Torneo I. Cidade de Pontevedra 2022"]
[Site "Pontevedra ESP"]
[Date "2022.07.26"]
[Round "4.30"]
[White "Cabanas Rodriguez, Roi"]
[Black "Victor, Julian"]
[Result "1-0"]
[WhiteElo "1945"]
[BlackElo "1944"]
[PlyCount "83"]
[EventDate "2022.07.24"]
[EventType "swiss"]
[EventRounds "9"]
[EventCountry "ESP"]
[SourceTitle "Ajedrez en Madrid"]
[Source "lmi"]
[SourceDate "2022.07.24"]
[SourceVersion "1"]
[SourceVersionDate "2022.08.06"]
[SourceQuality "1"]

1. c4 Nf6 2. g3 e6 3. Nf3 d5 4. b3 Be7 5. Bg2 O-O 6. O-O d4 7. d3 c5 8. Nbd2
Nc6 9. a3 a5 10. Qc2 e5 11. Bb2 h6 12. e4 Bd6 13. h3 Ne7 14. Rae1 Qc7 15. Bc1
Ng6 16. Kh1 Bd7 17. a4 Nh7 18. Ng1 Ng5 19. Nb1 Qc8 20. Kh2 f5 21. Bxg5 hxg5 22.
exf5 Bxf5 23. Nd2 Ra6 24. Ne4 Be7 25. Nd2 Kh7 26. Be4 Nh8 27. Kg2 Rh6 28. Ndf3
Nf7 29. Bxf5+ Qxf5 30. Qe2 Re6 31. Qe4 g6 32. Nd2 Nd6 33. Qd5 Ne8 34. Ne4 b6
35. Re2 Kg7 36. Rfe1 g4 37. hxg4 Qxg4 38. f3 Qf5 39. Rf1 g5 40. g4 Qg6 41. Ng3
Nf6 42. Qxe6 1-0

[Event "10. Torneo I. Cidade de Pontevedra 2022"]
[Site "Pontevedra ESP"]
[Date "2022.07.26"]
[Round "4.31"]
[White "Macqueron, Gregory"]
[Black "Baldus Martin, Juan"]
[Result "1-0"]
[WhiteElo "1936"]
[BlackElo "2007"]
[PlyCount "85"]
[EventDate "2022.07.24"]
[EventType "swiss"]
[EventRounds "9"]
[EventCountry "ESP"]
[SourceTitle "Ajedrez en Madrid"]
[Source "lmi"]
[SourceDate "2022.07.24"]
[SourceVersion "1"]
[SourceVersionDate "2022.08.06"]
[SourceQuality "1"]

1. d4 d5 2. Nc3 Nf6 3. Bf4 Bf5 4. f3 e6 5. g4 Bg6 6. h4 h5 7. g5 Ng8 8. e3 Bd6
9. Nge2 Ne7 10. Qd2 O-O 11. O-O-O c6 12. Bxd6 Qxd6 13. Nf4 b5 14. Bd3 Nd7 15.
Qh2 e5 16. Nfe2 Qc7 17. Qh3 Bxd3 18. Rxd3 Nb6 19. Ng3 g6 20. dxe5 Qxe5 21. f4
Qe6 22. f5 Nxf5 23. Nxf5 Qxf5 24. Qxf5 gxf5 25. Ne2 Nc4 26. Nf4 Rae8 27. Rh3
Ne5 28. Ra3 Re7 29. Nxh5 Rd8 30. Ng3 f4 31. Nf5 Re6 32. Nd4 Ree8 33. exf4 Nc4
34. Rad3 Re1+ 35. Rd1 Rxd1+ 36. Kxd1 c5 37. Nc6 Rd6 38. Ne7+ Kf8 39. Nf5 Ra6
40. b3 Nb6 41. h5 Rxa2 42. h6 Kg8 43. h7+ 1-0

[Event "10. Torneo I. Cidade de Pontevedra 2022"]
[Site "Pontevedra ESP"]
[Date "2022.07.26"]
[Round "4.33"]
[White "Martin Andres, Carlos"]
[Black "Alonso Pacheco, Luis Joaquin"]
[Result "1/2-1/2"]
[WhiteElo "1924"]
[BlackElo "1903"]
[PlyCount "84"]
[EventDate "2022.07.24"]
[EventType "swiss"]
[EventRounds "9"]
[EventCountry "ESP"]
[SourceTitle "Ajedrez en Madrid"]
[Source "lmi"]
[SourceDate "2022.07.24"]
[SourceVersion "1"]
[SourceVersionDate "2022.08.06"]
[SourceQuality "1"]

1. e4 c5 2. Nc3 Nc6 3. f4 g6 4. Bb5 Nd4 5. Nf3 Bg7 6. Nxd4 cxd4 7. Ne2 a6 8.
Bc4 b5 9. Bd5 Rb8 10. d3 e6 11. Bb3 Bb7 12. O-O Ne7 13. f5 gxf5 14. Ng3 O-O 15.
exf5 Nxf5 16. Nxf5 exf5 17. Rxf5 Qb6 18. Qg4 Rbe8 19. Bd2 d5 20. Rf2 Re6 21.
Raf1 a5 22. a3 Rg6 23. Qh5 Qd8 24. Rf5 Qc7 25. R5f2 Qd8 26. Qf5 Rf6 27. Qg5
Rxf2 28. Rxf2 Qxg5 29. Bxg5 Re8 30. Kf1 a4 31. Ba2 Kf8 32. Bf4 Re6 33. Bg3 Rf6
34. Rxf6 Bxf6 35. Bf4 Ke7 36. Ke2 Ke6 37. Bd2 Be5 38. g3 Kf5 39. Kf3 h5 40. h3
Bc6 41. Bc1 f6 42. Bh6 Ke6 1/2-1/2

[Event "10. Torneo I. Cidade de Pontevedra 2022"]
[Site "Pontevedra ESP"]
[Date "2022.07.26"]
[Round "4.34"]
[White "Vela Ignacio, Jose Manuel"]
[Black "Carballo Noya, Miguel"]
[Result "0-1"]
[WhiteElo "2026"]
[BlackElo "1910"]
[PlyCount "100"]
[EventDate "2022.07.24"]
[EventType "swiss"]
[EventRounds "9"]
[EventCountry "ESP"]
[SourceTitle "Ajedrez en Madrid"]
[Source "lmi"]
[SourceDate "2022.07.24"]
[SourceVersion "1"]
[SourceVersionDate "2022.08.06"]
[SourceQuality "1"]

1. d4 Nf6 2. c4 e5 3. dxe5 Ng4 4. Nf3 Bc5 5. e3 Nc6 6. a3 a5 7. Bd2 Ngxe5 8.
Bc3 Qe7 9. Nbd2 Ng4 10. Qe2 Ra6 11. g3 Nce5 12. Nxe5 Nxe5 13. Bg2 O-O 14. O-O
Rh6 15. Ne4 Bb6 16. b4 axb4 17. axb4 d6 18. c5 dxc5 19. bxc5 Bxc5 20. Nxc5 Qxc5
21. Rac1 Qe7 22. Qb2 Nd3 23. Qa1 Nxc1 24. Bxg7 Ne2+ 25. Kh1 Ra6 26. Bxf8 Qxf8
27. Qb2 Bg4 28. f3 Nxg3+ 29. hxg3 Qh6+ 30. Kg1 Qxe3+ 31. Rf2 Be6 32. Qd2 Ra1+
33. Kh2 Qxd2 34. Rxd2 Ra2 35. Rd8+ Kg7 36. g4 c5 37. Kg3 c4 38. f4 c3 39. Rd1
b5 40. f5 c2 41. Rc1 Bb3 42. Be4 Rb2 43. Kf4 h6 44. Ke5 f6+ 45. Kd6 b4 46. Kc5
Ba4 47. Ra1 b3 48. Kb4 Ra2 49. Rc1 b2 50. Rxc2 b1=Q+ 0-1

[Event "10. Torneo I. Cidade de Pontevedra 2022"]
[Site "Pontevedra ESP"]
[Date "2022.07.27"]
[Round "5.1"]
[White "Mendonca, Leon Luke"]
[Black "Grigoryan, Karen H."]
[Result "1-0"]
[WhiteElo "2567"]
[BlackElo "2643"]
[PlyCount "89"]
[EventDate "2022.07.24"]
[EventType "swiss"]
[EventRounds "9"]
[EventCountry "ESP"]
[SourceTitle "Ajedrez en Madrid"]
[Source "lmi"]
[SourceDate "2022.07.24"]
[SourceVersion "1"]
[SourceVersionDate "2022.08.06"]
[SourceQuality "1"]

1. d4 g6 2. c4 Bg7 3. Nc3 c5 4. d5 d6 5. e4 e6 6. Nf3 Ne7 7. Be2 O-O 8. h3 exd5
9. exd5 Nd7 10. O-O Ne5 11. Nxe5 Bxe5 12. Bg5 f6 13. Bd2 Nf5 14. Bd3 Bd7 15.
Rb1 Re8 16. Ne4 Ng7 17. b4 b6 18. bxc5 dxc5 19. Bc3 Nf5 20. Qd2 Qe7 21. Rbe1
Qg7 22. Bxe5 Rxe5 23. f4 Re7 24. g4 Nd4 25. g5 fxg5 26. fxg5 Bxh3 27. Nf6+ Kh8
28. Rf2 Bf5 29. Rxe7 Qxe7 30. Bxf5 gxf5 31. Kf1 Re8 32. Nxe8 Qe4 33. Rg2 Qxe8
34. g6 Qe4 35. Qh6 Qb1+ 36. Kf2 Qb2+ 37. Kg1 Nf3+ 38. Kf1 Nh2+ 39. Rxh2 Qb1+
40. Kf2 Qc2+ 41. Kg3 Qc3+ 42. Kf4 Qxc4+ 43. Ke5 Qd4+ 44. Ke6 Qe4+ 45. Kd6 1-0

[Event "10. Torneo I. Cidade de Pontevedra 2022"]
[Site "Pontevedra ESP"]
[Date "2022.07.27"]
[Round "5.2"]
[White "Grieve, Harry"]
[Black "Galperin, Platon"]
[Result "0-1"]
[WhiteElo "2390"]
[BlackElo "2518"]
[PlyCount "144"]
[EventDate "2022.07.24"]
[EventType "swiss"]
[EventRounds "9"]
[EventCountry "ESP"]
[SourceTitle "Ajedrez en Madrid"]
[Source "lmi"]
[SourceDate "2022.07.24"]
[SourceVersion "1"]
[SourceVersionDate "2022.08.06"]
[SourceQuality "1"]

1. e4 e5 2. Nf3 Nc6 3. Bc4 Bc5 4. d3 Nf6 5. Bg5 h6 6. Bh4 O-O 7. Nc3 Be7 8.
Bxf6 Bxf6 9. Nd5 d6 10. Qd2 a6 11. a4 Be6 12. a5 Be7 13. O-O Qd7 14. c3 Rae8
15. b4 Nd8 16. d4 exd4 17. Nxd4 Nc6 18. Nxc6 Qxc6 19. Qd3 Qd7 20. Rad1 Kh8 21.
Rfe1 Bg5 22. Ne3 Bxe3 23. Rxe3 Bxc4 24. Qxc4 Re5 25. Rd5 Rfe8 26. h3 R5e6 27.
Rf5 c6 28. Rf4 Qe7 29. Rd3 Kg8 30. Qd4 c5 31. Qd5 cxb4 32. cxb4 Rxe4 33. Rxe4
Qxe4 34. Qxd6 Qe1+ 35. Kh2 Qxf2 36. Rf3 Qe1 37. Rd3 Kh7 38. Qf4 Qe6 39. Rd6 Qe7
40. Qf5+ g6 41. Qd5 Qc7 42. Qc5 Qb8 43. Kg1 Re1+ 44. Kf2 Qe8 45. Qd4 Re2+ 46.
Kg3 Re4 47. Qf6 Rxb4 48. Rd8 Qe3+ 49. Kh2 Qf4+ 50. Qxf4 Rxf4 51. Rd7 Kg7 52.
Rxb7 Rf5 53. Kg3 Rxa5 54. Ra7 Ra1 55. Kf4 Kf6 56. h4 Ke6 57. g3 Ra3 58. Ra8 Kf6
59. Kg4 Ke5 60. Re8+ Kf6 61. Ra8 Ke7 62. Kf4 Ke6 63. Re8+ Kf6 64. Ra8 Ra4+ 65.
Kf3 Kf5 66. Rc8 Ra3+ 67. Kg2 Re3 68. Rc7 f6 69. Ra7 Kg4 70. Rxa6 Rxg3+ 71. Kh2
Rf3 72. Kg2 Rf4 0-1

[Event "10. Torneo I. Cidade de Pontevedra 2022"]
[Site "Pontevedra ESP"]
[Date "2022.07.27"]
[Round "5.3"]
[White "Del Rio De Angelis, Salvador G."]
[Black "Shyaamnikhil, P.."]
[Result "1/2-1/2"]
[WhiteElo "2442"]
[BlackElo "2443"]
[PlyCount "41"]
[EventDate "2022.07.24"]
[EventType "swiss"]
[EventRounds "9"]
[EventCountry "ESP"]
[SourceTitle "Ajedrez en Madrid"]
[Source "lmi"]
[SourceDate "2022.07.24"]
[SourceVersion "1"]
[SourceVersionDate "2022.08.06"]
[SourceQuality "1"]

1. d4 Nf6 2. c4 e6 3. Nc3 Bb4 4. e3 O-O 5. Bd3 c5 6. Nge2 d5 7. cxd5 exd5 8.
dxc5 Nbd7 9. Bc2 Nxc5 10. Bd2 Ne6 11. O-O Bd7 12. Ne4 Bxd2 13. Nxf6+ Qxf6 14.
Qxd2 Bb5 15. Rfd1 Bxe2 16. Qxe2 Rfd8 17. Bb3 d4 18. Bxe6 Qxe6 19. Qd3 Qb6 20.
exd4 Qxb2 21. Rdb1 1/2-1/2

[Event "10. Torneo I. Cidade de Pontevedra 2022"]
[Site "Pontevedra ESP"]
[Date "2022.07.27"]
[Round "5.4"]
[White "Lu, Maximillian"]
[Black "Ruck, Robert"]
[Result "0-1"]
[WhiteElo "2398"]
[BlackElo "2544"]
[PlyCount "74"]
[EventDate "2022.07.24"]
[EventType "swiss"]
[EventRounds "9"]
[EventCountry "ESP"]
[SourceTitle "Ajedrez en Madrid"]
[Source "lmi"]
[SourceDate "2022.07.24"]
[SourceVersion "1"]
[SourceVersionDate "2022.08.06"]
[SourceQuality "1"]

1. Nf3 Nf6 2. c4 c6 3. d4 d5 4. Qb3 e6 5. Nc3 Nbd7 6. g3 Be7 7. Bg2 O-O 8. O-O
Nb6 9. Ne5 dxc4 10. Qd1 Nfd7 11. Nf3 Nd5 12. a4 b6 13. a5 Ba6 14. Bd2 b5 15.
Na2 c5 16. e4 N5f6 17. Re1 Bb7 18. Qc2 a6 19. Rad1 cxd4 20. Nxd4 Ne5 21. Bb4
Nd3 22. Bxe7 Qxe7 23. Re2 Rfd8 24. e5 Rxd4 25. exf6 gxf6 26. Bxb7 Qxb7 27. Qd2
Nf4 28. gxf4 Rxd2 29. Rexd2 b4 30. f5 exf5 31. Rd5 Rc8 32. h4 c3 33. bxc3 bxc3
34. Rd8+ Kg7 35. Rxc8 Qxc8 36. Rc1 c2 37. Nb4 Qc3 0-1

[Event "10. Torneo I. Cidade de Pontevedra 2022"]
[Site "Pontevedra ESP"]
[Date "2022.07.27"]
[Round "5.5"]
[White "Tadevosyan, Aspet"]
[Black "Pulvett Marin, Daniel Eduardo"]
[Result "0-1"]
[WhiteElo "2177"]
[BlackElo "2523"]
[PlyCount "173"]
[EventDate "2022.07.24"]
[EventType "swiss"]
[EventRounds "9"]
[EventCountry "ESP"]
[SourceTitle "Ajedrez en Madrid"]
[Source "lmi"]
[SourceDate "2022.07.24"]
[SourceVersion "1"]
[SourceVersionDate "2022.08.06"]
[SourceQuality "1"]

1. Nf3 c5 2. c4 g6 3. e4 Nc6 4. d4 Bg7 5. d5 Nd4 6. Nxd4 Bxd4 7. Bd3 d6 8. Nd2
e6 9. O-O Ne7 10. Rb1 a5 11. b3 O-O 12. a3 b6 13. b4 axb4 14. axb4 Ba6 15. Qc2
Qc7 16. Rb3 cxb4 17. Rxb4 Rfc8 18. Bb2 Qc5 19. Bxd4 Qxd4 20. Nf3 Qc5 21. Rb2
exd5 22. exd5 Bxc4 23. Qxc4 Qxc4 24. Bxc4 Rxc4 25. Rxb6 Rd8 26. Rb5 Rc5 27. Rb7
Nxd5 28. Ng5 Rc7 29. Rfb1 Rdd7 30. Rxc7 Rxc7 31. g3 Nf6 32. Rb6 Rd7 33. Kg2 Kf8
34. Kf3 h6 35. Ne4 Nxe4 36. Kxe4 Ke7 37. h4 Ke6 38. Rb8 h5 39. Re8+ Re7 40. Rd8
Ra7 41. Re8+ Kf6 42. Rd8 Re7+ 43. Kf4 Ke6 44. Ke4 Rb7 45. Re8+ Kd7 46. Rf8 Rb4+
47. Ke3 Ke7 48. Ra8 Rb1 49. Ke4 Re1+ 50. Kf4 Re2 51. Kf3 Re5 52. Kf4 Ke6 53.
Rf8 Ra5 54. Re8+ Kd5 55. Re7 f6 56. Rf7 Ke6 57. Rg7 Ra4+ 58. Kf3 Kf5 59. Rd7
Ra6 60. Rd8 Rb6 61. Rd7 Ke6 62. Rg7 Rb5 63. Ke4 d5+ 64. Kf4 Rb4+ 65. Ke3 Rb3+
66. Kf4 Rb4+ 67. Ke3 Kf5 68. Rd7 Rb3+ 69. Ke2 Ke4 70. Re7+ Kf5 71. Rd7 Rb5 72.
Kf3 Ra5 73. Rd8 Rb5 74. Rd7 g5 75. Rh7 Rb3+ 76. Ke2 Kg4 77. Rd7 gxh4 78. gxh4
Rb5 79. Rd6 f5 80. Rg6+ Kxh4 81. Kf3 Rb4 82. Rd6 Rd4 83. Ke3 Re4+ 84. Kf3 d4
85. Rg6 Rg4 86. Rh6 Kg5 87. Rh8 0-1

[Event "10. Torneo I. Cidade de Pontevedra 2022"]
[Site "Pontevedra ESP"]
[Date "2022.07.27"]
[Round "5.6"]
[White "Reguillaga Elias, Manex"]
[Black "Manolache, Marius"]
[Result "0-1"]
[WhiteElo "1901"]
[BlackElo "2469"]
[PlyCount "92"]
[EventDate "2022.07.24"]
[EventType "swiss"]
[EventRounds "9"]
[EventCountry "ESP"]
[SourceTitle "Ajedrez en Madrid"]
[Source "lmi"]
[SourceDate "2022.07.24"]
[SourceVersion "1"]
[SourceVersionDate "2022.08.06"]
[SourceQuality "1"]

1. d4 Nf6 2. c4 c5 3. d5 g6 4. Nc3 Bg7 5. e4 O-O 6. Nf3 e6 7. Bd3 d6 8. h3 Na6
9. O-O Nc7 10. Re1 Rb8 11. a4 a6 12. a5 Nd7 13. Bg5 f6 14. Bd2 e5 15. Qc2 Rf7
16. Na4 Bf8 17. b4 Ne8 18. Reb1 Ng7 19. b5 Ra8 20. Ra3 Be7 21. Rab3 f5 22. bxa6
Rxa6 23. Nb6 Nxb6 24. Rxb6 Ra7 25. Qa4 Rf8 26. Ne1 Bh4 27. g3 Bf6 28. Kg2 fxe4
29. Bxe4 Nf5 30. Nf3 Qc7 31. Qc2 Qf7 32. R6b3 Bd8 33. Ra3 Nd4 34. Qd1 Bf5 35.
Bxf5 Qxf5 36. g4 Qf7 37. Be1 Qe8 38. Nxd4 cxd4 39. Rab3 Bxa5 40. Rxb7 Rxb7 41.
Rxb7 Qc8 42. Ra7 Bxe1 43. Qxe1 Qxc4 44. Qe4 Qc5 45. Ra2 Rf4 46. Ra8+ Kg7 0-1

[Event "10. Torneo I. Cidade de Pontevedra 2022"]
[Site "Pontevedra ESP"]
[Date "2022.07.27"]
[Round "5.7"]
[White "Vignesh, N R.."]
[Black "Medarde Santiago, Luis Marcos"]
[Result "1-0"]
[WhiteElo "2427"]
[BlackElo "2330"]
[PlyCount "71"]
[EventDate "2022.07.24"]
[EventType "swiss"]
[EventRounds "9"]
[EventCountry "ESP"]
[SourceTitle "Ajedrez en Madrid"]
[Source "lmi"]
[SourceDate "2022.07.24"]
[SourceVersion "1"]
[SourceVersionDate "2022.08.06"]
[SourceQuality "1"]

1. d4 Nf6 2. c4 e6 3. Nc3 Bb4 4. Qc2 O-O 5. Nf3 d5 6. Bg5 c5 7. e3 cxd4 8. Nxd4
h6 9. Bh4 e5 10. Nb3 dxc4 11. Bxc4 Qe7 12. O-O Bxc3 13. Qxc3 Nc6 14. Bxf6 Qxf6
15. Bd5 Be6 16. Bxc6 Rfc8 17. Qb4 bxc6 18. Nc5 Rab8 19. Qc3 Rd8 20. b3 Rd5 21.
Rac1 Bc8 22. f4 exf4 23. Qxf6 gxf6 24. Rxf4 Kg7 25. Ne4 Ra5 26. Rf2 Re5 27.
Nxf6 Rxe3 28. Nh5+ Kg8 29. Rxc6 Re1+ 30. Rf1 Re2 31. Rc7 Bb7 32. Rfxf7 Rxg2+
33. Kf1 Rf8 34. Nf6+ Kh8 35. Rxf8+ Rg8 36. Rxg8# 1-0

[Event "10. Torneo I. Cidade de Pontevedra 2022"]
[Site "Pontevedra ESP"]
[Date "2022.07.27"]
[Round "5.8"]
[White "Martinez Reyes, Pedro Ramon"]
[Black "Fernandez Lopez, Ruben"]
[Result "1/2-1/2"]
[WhiteElo "2408"]
[BlackElo "2324"]
[PlyCount "49"]
[EventDate "2022.07.24"]
[EventType "swiss"]
[EventRounds "9"]
[EventCountry "ESP"]
[SourceTitle "Ajedrez en Madrid"]
[Source "lmi"]
[SourceDate "2022.07.24"]
[SourceVersion "1"]
[SourceVersionDate "2022.08.06"]
[SourceQuality "1"]

1. e4 c5 2. c3 Nf6 3. e5 Nd5 4. Bc4 Nb6 5. Bb3 c4 6. Bc2 Qc7 7. Nf3 Nc6 8. O-O
Nxe5 9. Nxe5 Qxe5 10. Re1 Qc7 11. a4 e6 12. d3 cxd3 13. Qxd3 Be7 14. Na3 a6 15.
Bd2 d5 16. a5 Nc4 17. Nxc4 dxc4 18. Qf3 O-O 19. Bf4 Bd6 20. Bxd6 Qxd6 21. Qe4
g6 22. Qxc4 b5 23. axb6 Qxb6 24. Be4 Ra7 25. Qe2 1/2-1/2